000 01748nam a2200373 a 4500
003 AR-BeUNQ
005 20220224182337.0
008 170301s2002 ag ad f 000 0 spa d
020 _a9789875501743
040 _aAR-BeUNQ
_bspa
082 0 4 _221
_a512.72
100 1 _aAltman, Silvia V.
245 1 0 _aNúmeros y sucesiones /
_cSilvia V. Altman, Claudia R. Comparatore, Liliana E. Kurzrok.
260 _aBuenos Aires :
_bLongseller,
_c[2002].
300 _a112 p. :
_bil., gráficos ;
_c27 cm.
490 1 _aLibros temáticos de matemática ;
_vlibro 3
505 0 _aNúmeros reales -- Operaciones con radicales -- Sucesiones. Progresiones aritméticas y geométricas -- Números complejos
650 7 _aMatemáticas
_2spines
650 7 _aNúmeros reales
_2spines
650 7 _aNúmeros complejos
_2spines
650 7 _aSecuencias (matemáticas)
_2spines
650 7 _aRaíces cuadradas
_2spines
650 7 _aManuales
_2spines
650 7 _aEnseñanza media
_2spines
700 1 _aComparatore, Claudia R.
700 1 _aKurzrok, Liliana E.
830 0 _9156
_aLibros temáticos de matemática (Longseller)
_lEspañol
_vlibro 3
929 _aCOMPRA
_bStratford Book Services
_c2a compra 2016 Exp. 827-0946/16
_d200,00
_e20170102
_fPAT0066297
_j55440
929 _aCOMPRA
_bStratford Book Services
_c2a compra 2016 Exp. 827-0946/16
_d200,00
_e20170102
_fPAT0066298
_j55441
929 _aCOMPRA
_bStratford Book Services
_c2a compra 2016 Exp. 827-0946/16
_d200,00
_e20170102
_fPAT0066299
_j55442
929 _aCOMPRA
_bStratford Book Services
_c2a compra 2016 Exp. 827-0946/16
_d200,00
_e20170102
_fPAT0066300
_j55443
929 _aCOMPRA
_bStratford Book Services
_c2a compra 2016 Exp. 827-0946/16
_d200,00
_e20170102
_fPAT0066301
_j55444
942 _cLIB
_n0
999 _c123
_d123